| 000 | 00518cas a22001935a 4500 | ||
|---|---|---|---|
| 001 | L139662 | ||
| 008 | 070802c1903 xxkar p 0 a0eng u | ||
| 035 | _a(Sirsi) u139662 | ||
| 041 | 0 | _aeng | |
| 240 | 1 | _aDigest of Land and Property Cases | |
| 240 | 1 | _aDigest of Law and Arbitration Cases | |
| 245 | 0 | 0 | _aEstates Gazette Digest of Cases |
| 260 |
_aLondon _bEstates Gazette _c1903- |
||
| 362 | 0 | _a1902-1983 | |
| 554 | _aOne per year | ||
| 651 | 4 |
_aEngland and Wales _y1543- |
|
| 690 | _aPROPERTY | ||
| 942 | _n0 | ||
| 999 |
_c119106 _d119106 |
||